The organic Chem Lab survival manual: (Record no. 1555)

MARC details
000 -LEADER
fixed length control field 00622nam a22002297a 4500
003 - CONTROL NUMBER IDENTIFIER
control field OSt
005 - DATE AND TIME OF LATEST TRANSACTION
control field 20150424144526.0
008 - FIXED-LENGTH DATA ELEMENTS--GENERAL INFORMATION
fixed length control field 150424b xxu||||| |||| 00| 0 eng d
020 ## - INTERNATIONAL STANDARD BOOK NUMBER
International Standard Book Number 0471215201
022 ## - INTERNATIONAL STANDARD SERIAL NUMBER
Source 0471215201
040 ## - CATALOGING SOURCE
Transcribing agency DDC
082 ## - DEWEY DECIMAL CLASSIFICATION NUMBER
Edition number 22nd ed.
Classification number 547.2 ZUB 2004
100 ## - MAIN ENTRY--PERSONAL NAME
Personal name Zubrick, James W.
9 (RLIN) 4098
245 ## - TITLE STATEMENT
Title The organic Chem Lab survival manual:
Remainder of title a student's guide to techniques
250 ## - EDITION STATEMENT
Edition statement 6th ed.
260 ## - PUBLICATION, DISTRIBUTION, ETC. (IMPRINT)
Place of publication, distribution, etc. U.S;
Name of publisher, distributor, etc. Wiley,
Date of publication, distribution, etc. 2004
300 ## - PHYSICAL DESCRIPTION
Extent xix, 339p;
Other physical details ill:
Dimensions 23cm
504 ## - BIBLIOGRAPHY, ETC. NOTE
Bibliography, etc Index included
650 ## - SUBJECT ADDED ENTRY--TOPICAL TERM
Topical term or geographic name as entry element Organic Chemistry
9 (RLIN) 814
650 ## - SUBJECT ADDED ENTRY--TOPICAL TERM
Topical term or geographic name as entry element Lab guide
9 (RLIN) 4099
942 ## - ADDED ENTRY ELEMENTS (KOHA)
Source of classification or shelving scheme Dewey Decimal Classification
Koha item type Open Shelf
Holdings
Withdrawn status Lost status Source of classification or shelving scheme Damaged status Not for loan Home library Current library Date acquired Source of acquisition Inventory number Total Checkouts Full call number Barcode Date last seen Koha item type
    Dewey Decimal Classification     MUST Main Library MUST Main Library 24/04/2015   05/23875   547.2 ZUB 2004 2015-1128 24/04/2015 Open Shelf